01303nab a22002537a 4500999001500000003000400015005001700019008004100036040000700077100003400084245012300118260007300241300001500314500007500329505015000404505012900554505008900683650003200772650003100804650003500835650002400870773014200894942001301036 c6363d6363OSt20260131202724.0190603e xxum|||| |||| 00| 0 spa d cPJ 94796aNager, María Agustina10aEvaluación y cuantificación del daño en el Código Civil y Comercial de la Nación /cMaría Agustina Nager.  cCiudad Autónoma de Buenos Aires :aThomson Reuters La Ley, b2025. ap. 196-200 aCita: TR LALEY AR/DOC/2797/2025 Publicado en: RCCyC 2025 (Diciembre). aSumario: I. Prólogo.— II. Sumario del caso.— III. Cuantificación del daño por incapacidad sobreviniente.— IV. Apreciaciones finales.  aFallo comentado: CNCiv., sala A ~ 18/07/2025 ~ Garayo Galeano, Adalberto c. Simón, Carlos y otro s/ daños y perjuicios. t¿Te interesa el texto completo? Solicitalo al correo: koha@justierradelfuego.gov.ar 091467aRESPONSABILIDAD CIVIL 092823aDAÑOS Y PERJUICIOS 093451aRESPONSABILIDAD OBJETIVA 0aINDEMNIZACION913820 0271393170dCiudad Autónoma de Buenos Aires : Thomson Reuters La Ley, 2015-tRevista Código Civil y Comercial. Nº 6 - Diciembre 2025 2udccANA